Guess the Movie by Picture - Random - Statistics

General Stats
  • This quiz has been taken 22 times
  • The average score is 4 of 16
Answer Stats
Picture Answer % Correct
Free Willy
65%
16 Wishes
45%
13 going on 30
40%
Hoosiers
35%
I am Legend
35%
Peanut Butter Falcon
30%
Red Notice
25%
Rounders
20%
Dear John
15%
Dog
15%
Hachi
15%
McFarland USA
15%
Sweet Home Alabama
10%
Little Giants
5%
Glass Castle
0%
Skeletons Compass
0%
No matching quizzes found
Score Distribution
Percent of People with Each Score
Percentile by Number Answered
Your Score History
You have not taken this quiz